U.S. States as First Names - Statistics

General Stats
  • This quiz has been taken 303 times
  • The average score is 6 of 10
Answer Stats
# People % Male State % Correct
79,014 < 1 Georgia
85%
255,539 < 1 Virginia
77%
932 > 99 Washington
67%
812 < 1 Florida
59%
2,080 6 Arizona
58%
11,216 32 Montana
56%
2,373 27 Nevada
45%
2,537 46 Indiana
44%
937 < 1 Alaska
42%
1,176 6 Kansas
37%
No matching quizzes found
Score Distribution
Percent of People with Each Score
Percentile by Number Answered
Your Score History
You have not taken this quiz